000 00500nam a22001697a 4500
999 _c526333
_d526333
003 NUST
038 _aMr. Zahoor
082 _a005.1
100 _aHussain, Ibrar
_917142
245 _aAPPLICATION OF SBSE TECHNIQUES FOR HIERARCHICAL SOFTWARE CLUSTERING /
_cIbrar Hussain
260 _aIslamabad :
_bCEME - NUST,
_c2012.
300 _ax, 64 p. : ill. ;
_c30cm.
500 _aHardcover.
650 _aSoftware Engineering - MS Thesis
_916149
700 _aDr. Aasia Khanum
_917318
942 _2ddc
_cTHE